| 000 | 00453nam a2200193Ia 4500 | ||
|---|---|---|---|
| 005 | 20250423100847.0 | ||
| 008 | 250422s9999 xx 000 0 und d | ||
| 020 | _a978-0-07145687-6 | ||
| 050 | _aQA 371.32 .B76/ | ||
| 100 | _aBronson, Richard | ||
| 245 | 0 | _aSchaum`s outline of differential equations | |
| 250 | _a3rd ed. | ||
| 260 | _aNew York | ||
| 260 | _bMcGraw-Hill | ||
| 260 | _c2006 | ||
| 300 | _a385 p | ||
| 650 | _aEE | ||
| 942 | _cBK | ||
| 999 |
_c34560 _d34560 |
||